Regulatory policies in OECD countries 2002 from interventionism to regulatory governance

Salvato in:
Dettagli Bibliografici
Natura: Libro
Lingua:inglese
Pubblicazione: Paris OECD 2002
Serie:OECD reviews of regulatory reform
Soggetti:
Tags: Aggiungi Tag
Nessun Tag, puoi essere il primo ad aggiungerne!!

MARC

LEADER 00000nam a2200000 4500
001 c141752
005 20221124092754.5
020 |a 92-64-19893-8 
041 0 |a eng 
044 |a FR 
245 1 0 |a Regulatory policies in OECD countries 2002  |b from interventionism to regulatory governance 
264 1 |a Paris  |b OECD  |c 2002 
300 |a 194 s. 
490 1 |a OECD reviews of regulatory reform 
830 0 |a OECD reviews of regulatory reform 
610 2 0 |a regulácia 
610 2 0 |a politika hospodárska 
610 2 0 |a regulácia hospodárska 
610 2 0 |a intervencie 
610 2 0 |a legislatíva 
610 2 0 |a inštitúcia